La práctica del Rorschach / (Record no. 125769)

MARC details
000 -LEADER
campo de control de longitud fija 00659nam a2200205 4500
001 - NÚMERO DE CONTROL
campo de control 125769
003 - IDENTIFICADOR DE NÚMERO DE CONTROL
campo de control ES-MaACL
005 - FECHA Y HORA DE LA ÚLTIMA TRANSACCIÓN
campo de control 20230906192709.0
007 - CAMPO FIJO DE DESCRIPCIÓN FÍSICA--INFORMACIÓN GENERAL
campo de control de longitud fija t|
008 - DATOS DE LONGITUD FIJA--INFORMACIÓN GENERAL
campo de control de longitud fija 070214s1977 sp r ||||1| spa d
100 1# - ENTRADA PRINCIPAL--NOMBRE DE PERSONA
Nombre de persona Rausch de Traubenberg, Nina.
9 (RLIN) 95556
245 13 - MENCIÓN DEL TÍTULO
Título La práctica del Rorschach /
Mención de responsabilidad, etc. Nina Rausch de Traubenberg ; traducción de María Angeles Pérez González.
260 ## - PUBLICACIÓN, DISTRIBUCIÓN, ETC.
Lugar de publicación, distribución, etc. Madrid :
Nombre del editor, distribuidor, etc. Pablo del Río,
Fecha de publicación, distribución, etc. 1977.
300 ## - DESCRIPCIÓN FÍSICA
Extensión 158 p., 5 lám. ;
Dimensiones 21 cm.
490 1# - MENCIÓN DE SERIE
Mención de serie Aprendizaje
700 1# - ENTRADA AGREGADA--NOMBRE PERSONAL
Nombre de persona Pérez González, María Angeles.
9 (RLIN) 90915
830 0# - PUNTO DE ACCESO ADICIONAL DE SERIE-TÍTULO UNIFORME
Título uniforme Aprendizaje
9 (RLIN) 178918
852 ## - LOCALIZACIÓN
Ubicación ES-MaACL
Número de control de estantería A-7156
Sublocalización o colección R.96316
Holdings
Estatus retirado Estado de pérdida Estado de daño No para préstamo Biblioteca de origen Biblioteca actual Ubicación en estantería Fecha de adquisición Fuente de adquisición Total de préstamos Signatura topográfica completa Código de barras Visto por última vez Precio de reemplazo Tipo de ítem Koha
        Biblioteca del Ateneo de Madrid Biblioteca del Ateneo de Madrid Sala Pecera Planta 1 17/01/2008     A-7156 1131013 23/02/2023 23/02/2023 Libro impreso